00621nam a2200193Ia 4500008004100000040001400041082002200055100003700077245005000114260003600164300001100200365002800211366000800239505002900247530003000276620002100306630005000327730005000377100315s9999 xx 000 0 und d cENGLISH  b7504 a303.625  a"Fuqua, Paul, Wilson, Jerry V. " aTerrorism : the executive's guide to survival aDELHI bSurjeet pub  c1991  a151   eRupees d1 b150.00  f0  gRamakant Amar Navghare  bDonated By RBI Library   aSocial science  aTerrorism : the executive's guide to survival aTerrorism : the executive's guide to survival